000 00272nam a22001217a 4500
020 _a978-1-862-30880-0
082 _a823
_bCOL/S
100 _aC0LE, STEVE
245 _aTHE KILLER SOCKS
260 _a2011
_bRANDON HOUSE CHILDRENS BOOK
_cLONDON
300 _a132
942 _cBK
999 _c5807
_d5807